LEADER 01068nam a22002535i 4500 001 991000109449707536 008 030622s2003 it 000 0 ita d 035 $ab12571684-39ule_inst 040 $aDip.to Studi Storici$bita 082 04$a338.1 100 1 $aGiuntini, Andrea,$d<1955- >$06385 245 10$aAl servizio della cittą :$bimprese municipali e servizi urbani a Modena : dalle reti ottocentesche alla nascita di Meta Spa /$cAndrea Giuntini, Giuliano Muzzioli 260 $aBologna :$bIl mulino,$c2003 300 $a491 p. ;$c22 cm. 440 0$aPercorsi 650 0$aPublic utilities$zItaly$zModena. 650 0$aPrivatization$zItaly$zModena. 700 1 $aMuzzioli, Giuliano$eauthor$4http://id.loc.gov/vocabulary/relators/aut$0136669 907 $a.b12571684$b02-04-14$c14-11-03 912 $a991000109449707536 945 $aLE023 338.1 GIU 1 1$g1$i2023000060957$lle023$o-$pE36.00$q-$rl$s- $t0$u0$v0$w0$x0$y.i13041903$z11-12-03 996 $aAl servizio della cittą$9670243 997 $aUNISALENTO 998 $ale023$b14-11-03$cm$da $e-$fita$git $h0$i1